| 000 | 00445nam a2200145 a 4500 | ||
|---|---|---|---|
| 001 | 000033970 | ||
| 005 | 20200930070651.0 | ||
| 008 | 110915s1949 dr 000 0 spa d | ||
| 040 |
_aDO-SdBNP _bspa _cBNPHU |
||
| 082 |
_axxx _bR696p |
||
| 100 | 1 |
_aRodríguez Hijo, Miguel _959431 |
|
| 245 | 1 | 0 |
_aPáginas de un periodista / _cMiguel Rodríguez Hijo. |
| 260 |
_aCiudad Trujillo, República Dominicana : _b[s.n.], _c1949. |
||
| 300 |
_a121 p. ; _c16 cm. |
||
| 999 |
_c33461 _d33461 |
||